| 000 | 00601nam a2200205 i 4500 | ||
|---|---|---|---|
| 001 | 55432 | ||
| 003 | ES-MaACL | ||
| 005 | 20250809042451.0 | ||
| 007 | t| | ||
| 008 | 030919s1968 sp ||||1| spa d | ||
| 080 | _a342.7 | ||
| 245 | 0 | 4 |
_aLos derechos humanos / _ccondesa de Campo Alange ... [et al.]. |
| 250 | _a4ª ed. | ||
| 260 |
_a[Madrid] : _bCiencia Nueva, _c1968. |
||
| 300 |
_a61 p. ; _c17 cm. |
||
| 650 | 7 |
_aDerechos humanos _2embne _911770 |
|
| 700 | 1 |
_aCampo Alange, María Laffitte, _cCondesa de, _d1902-1986 _934205 |
|
| 852 | 4 |
_aES-MaACL _jC-20234 |
|
| 999 |
_c55432 _d55432 |
||